02596cam a22003734i 4500003000900000005001700009008004100026020001500067035002700082040003300109082002000142100003200162245009500194264004200289300003800331336002100369337002500390338002300415505151700438526001001955526001001965526001001975526001001985526000801995526000802003526000802011526000802019526000802027526000802035526000802043600006502051630007602116650003002192PE-LiUPU20250731173331.0150625s1990 mnu r 000 0 eng d a0800615581 a(Sirsi) i9780800615581 aPE-LiUPUbspacPE-LiUPUerda04a232.96bC822211 aCousar, Charles B.,eautor.12aA theology of the cross :bthe death of Jesus in the Pauline letters /cCharles B. Cousar. 1aMinneapolis :bFortress press,c1990. a194 páginas ;c22 centímetros atext2rdacontent aunmediated2rdamedia avolume2rdacarrier0 aIntroducction "Theology of the cross" Ernst Käsemann on the death of Jesus plan of the book Excursus: The language of crucifixion -- Jesús' death and god -- God revealed in the crudified christ -- Jesus' death and human sinfulness "Christ(1 Cor. 1:18--2:5 )god's righteousness and christ's faithfulness (Rom. 3:21-26) God's love in christ's death (Rom. 5:6-8) Paul and the classic attributes of god Excursus: the crusified god -- Jesus' death and human sinfulness -- "Christ died for our sins"Three soteriological terms (Rom. 3:24-26) A pauline "Use" of the Atonement (Rom. 4:24-25) Participation in christ's death (Rom. 6:1-11) Reconciliation through christ's death (2 cor. 5:14-6:2 ) Paul and the historic views of the atonement -- Jesus' death and resurrection christ the firsfruits (1 corinthians 15) Jesus' resurrection as god's saving event -- Jesus' resurrection as the promise of the future Jesus' resurrection in the life of believers the relation of cross and resurrection -- Jesus' death and the people of god redefininf the people of god (Galatians 3) Proclaiming the lord' s death (1 Cor:11:17-34) Christ's death and the purity of the community (1 Cor. 5:1-13) Coclusion summary the unity of the church the holiness of the church. -Jesus' death and the christian life Boasting in the cros (Gal. 6:11-18) Always carrying in the body the death of Jesus (2 Cor. 4:7-15) conformity to christ's death (Phil. 3:211) Crucified but alive, weak but prowerful (2 Cor. 13:1-4) The siffering of the church. aSEG42 aSEG41 aSEG40 aSEG39 aP94 aP87 aP86 aP85 aP77 aP76 aP3524aPablo, apóstolxContribuciones a la Teología de la cruz.14aBiblia.pN. T.pEpístolas de PabloxCrítica, interpretación, etc.24aCrucifixión de Jesús.